[Event "Spanish League of Honour"]
[Site "Linares"]
[Date "2017.08.16"]
[Round "3"]
[White "Velten, Paul"]
[Black "Peralta, Fernando"]
[Result "1-0"]
[WhiteTitle "IM"]
[BlackTitle "GM"]
[WhiteElo "2459"]
[BlackElo "2540"]
[Board "4"]
[WhiteCountry "FRA"]
[WhiteFideId "681091"]
[WhiteEloChange "6"]
[BlackCountry "ARG"]
[BlackFideId "105309"]
[BlackEloChange "-6"]

1. d4 Nf6 2. c4 e6 3. Nc3 Bb4 4. Nf3 d5 5. Bg5 h6 6. Bxf6 Qxf6 7. Qa4+ Nc6
8. e3 O-O 9. a3 Bxc3+ 10. bxc3 Qg6 11. Rc1 Bd7 12. Qc2 Qxc2 13. Rxc2 dxc4
14. Bxc4 Na5 15. Ne5 Nxc4 16. Nxc4 Rfd8 17. Ne5 Be8 18. Nd3 b6 19. Ke2 Rac8
20. c4 f6 21. Rc3 Bg6 22. f3 c5 23. d5 exd5 24. cxd5 c4 25. Nf4 Bf7 26. e4
g5 27. Nh3 b5 28. Nf2 f5 29. Ke3 Bxd5 30. exd5 Rxd5 31. Ke2 a5 32. Rb1 Rcd8
33. g4 fxg4 34. Nxg4 Rd2+ 35. Ke3 h5 36. Nf6+ Kf7 37. Ne4 R2d5 38. h3 Kg6
39. Ke2 Kf5 40. a4 Kf4 1-0

[Event "Spanish League of Honour"]
[Site "Linares"]
[Date "2017.08.16"]
[Round "3"]
[White "Narciso Dublan, Marc"]
[Black "Franco Alonso, Alejandro"]
[Result "1/2-1/2"]
[WhiteTitle "GM"]
[BlackTitle "IM"]
[WhiteElo "2467"]
[BlackElo "2434"]
[Board "5"]
[WhiteCountry "ESP"]
[WhiteFideId "2201500"]
[BlackCountry "ESP"]
[BlackFideId "2214067"]

1. e4 e5 2. Nc3 Nf6 3. g3 Bc5 4. Bg2 Nc6 5. Nge2 Nd4 6. d3 d6 7. h3 Bd7 8.
Nxd4 Bxd4 9. Be3 Bxe3 10. fxe3 c6 11. O-O O-O 12. Qd2 h6 13. Rf2 Nh7 14.
Raf1 Qg5 15. Ne2 Rad8 16. Kh2 Bc8 17. Ng1 a6 18. Nf3 Qe7 19. c4 Ng5 20. b4
Nxf3+ 21. Bxf3 Be6 22. Qc3 b5 23. Bg2 c5 24. cxb5 axb5 25. d4 Bc4 26. Ra1
cxd4 27. exd4 Rc8 28. Qb2 Ra8 29. dxe5 dxe5 30. a3 Ra6 31. Bf1 Bxf1 32.
Raxf1 f6 33. Rd1 Rfa8 34. Rf3 Qa7 35. Rdd3 Kh8 36. Qe2 Rc6 37. Rc3 Rac8 38.
Rxc6 Rxc6 39. Qd1 Rc4 40. Qd8+ Kh7 41. Qd3 Qb7 42. Re3 Qc6 43. g4 Rd4 44.
Qf1 Kh8 45. Kg3 Rc4 46. h4 Rc1 47. Qf2 Rc2 48. Qf1 Rc1 49. Qf2 Rc2 50. Qf1
Rc1 1/2-1/2

[Event "Spanish League of Honour"]
[Site "Linares"]
[Date "2017.08.16"]
[Round "3"]
[White "Shvayger, Yuliya"]
[Black "Moskalenko, Viktor"]
[Result "1/2-1/2"]
[WhiteTitle "WGM"]
[BlackTitle "GM"]
[WhiteElo "2438"]
[BlackElo "2505"]
[Board "6"]
[WhiteCountry "ISR"]
[WhiteFideId "14100126"]
[WhiteEloChange "1"]
[BlackCountry "ESP"]
[BlackFideId "14100100"]
[BlackEloChange "-1"]

1. e4 d6 2. d4 Nf6 3. Nc3 g6 4. Be3 c6 5. Qd2 Nbd7 6. h3 e5 7. Nf3 Qe7 8.
O-O-O Bg7 9. Bh6 O-O 10. Bd3 b5 11. Ne2 Re8 12. Bxg7 Kxg7 13. Ng3 Nf8 14.
Kb1 Rb8 15. dxe5 dxe5 16. Nh4 Ng8 17. Nf3 f6 18. h4 h5 19. Nf1 Ne6 20. Ne3
Nh6 21. Nh2 Nc5 22. f3 f5 23. g3 fxe4 24. Bxe4 Nxe4 25. fxe4 Be6 26. Rhg1
b4 27. Qe2 Rbd8 28. Rxd8 Rxd8 29. g4 hxg4 30. Nhxg4 Bxg4 31. Nxg4 Nxg4 32.
Qxg4 Qf6 33. b3 Kh6 34. Rg3 Rd6 35. Rg1 a5 36. Kb2 Rd2 37. Qg3 Rf2 38. Qg5+
Qxg5 39. Rxg5 Rf4 40. Rxe5 Rxh4 41. Rxa5 Rxe4 42. Rc5 Re6 43. Rc4 g5 44.
Rxb4 Kh5 45. a4 g4 46. a5 g3 47. a6 Re8 48. Rb7 Kg4 49. a7 Ra8 50. Rg7+ Kf3
51. b4 g2 52. Rf7+ Ke3 53. Rg7 Kf2 54. Rf7+ Ke3 55. Rg7 Kf2 56. Kc3 1/2-1/2

[Event "Spanish League of Honour"]
[Site "Linares"]
[Date "2017.08.16"]
[Round "3"]
[White "Matnadze, Ana"]
[Black "Buiza Prieto, Eihartze"]
[Result "1/2-1/2"]
[WhiteTitle "IM"]
[BlackTitle "WFM"]
[WhiteElo "2389"]
[BlackElo "2099"]
[Board "7"]
[WhiteCountry "ESP"]
[WhiteFideId "13601377"]
[WhiteEloChange "-7"]
[BlackCountry "ESP"]
[BlackFideId "22250220"]
[BlackEloChange "7"]

1. e4 d6 2. Nc3 Nf6 3. f4 e5 4. Nf3 Nbd7 5. Bc4 Be7 6. O-O O-O 7. d3 c6 8.
a4 Qc7 9. Kh1 b6 10. Qe1 Bb7 11. f5 d5 12. Ba2 Bb4 13. Bd2 dxe4 14. dxe4
Ba6 15. Rg1 Rae8 16. Ng5 Nc5 17. Nb1 Bxd2 18. Nxd2 Bc8 19. b4 Nb7 20. Bc4
Nd6 21. Bd3 c5 22. bxc5 Qxc5 23. Qe2 Bb7 24. Nh3 Qc8 25. Nf2 Kh8 26. a5 Qc6
27. h3 b5 28. Kh2 Nc4 29. Nxc4 bxc4 30. Bxc4 Rc8 31. Bd3 Rfd8 32. Rab1 Rd4
33. Rge1 h6 34. g4 Ba8 35. h4 Nh7 36. Qe3 Qf6 37. Kh3 g5 38. h5 Qc6 39. Rb5
Qc7 40. Qg3 Re8 41. a6 Bc6 42. Rb3 Nf6 43. Qe3 Nd7 44. c3 Ra4 45. Reb1 Nb6
46. Qe2 Rd8 47. Rb4 Ra5 48. Qe3 Rd7 49. Kg2 Kg7 50. Kf3 Ra2 51. R1b2 Rxb2
52. Rxb2 Na4 53. Rb3 Qd6 54. Be2 Rc7 55. Nd3 Ba8 56. Nf2 Nc5 57. Rb8 Bc6
58. Rb4 Ba8 59. Rb8 Bc6 60. Rb4 Ba8 61. Rb8 1/2-1/2

[Event "Spanish League of Honour"]
[Site "Linares"]
[Date "2017.08.16"]
[Round "3"]
[White "Iturrizaga Bonelli, Eduardo"]
[Black "Banusz, Tamas"]
[Result "1/2-1/2"]
[WhiteTitle "GM"]
[BlackTitle "GM"]
[WhiteElo "2662"]
[BlackElo "2611"]
[Board "1"]
[WhiteCountry "VEN"]
[WhiteFideId "3901211"]
[WhiteEloChange "-1"]
[BlackCountry "HUN"]
[BlackFideId "722413"]
[BlackEloChange "1"]

1. c4 c6 2. g3 d5 3. Bg2 Nf6 4. Nf3 dxc4 5. O-O Nbd7 6. Na3 Nb6 7. Qc2 g6
8. Nxc4 Nxc4 9. Qxc4 Bg7 10. e4 Be6 11. Qc2 Ng4 12. Rd1 Ne5 13. Nxe5 Bxe5
14. d4 Bg4 15. f3 Bxd4+ 16. Kh1 Bc8 17. Bh6 Qb6 18. Qd2 c5 19. Rac1 a5 20.
b3 Be6 21. f4 Bg4 22. Rf1 Bd7 23. Rfd1 Bc6 24. f5 gxf5 25. exf5 O-O-O 26.
Bf4 e5 27. fxe6 fxe6 28. Qe2 e5 29. Rxd4 Rxd4 30. Qxe5 Rhd8 31. Qe6+ R8d7
32. Bxc6 Qxc6+ 33. Qxc6+ bxc6 34. Rxc5 a4 1/2-1/2

[Event "Spanish League of Honour"]
[Site "Linares"]
[Date "2017.08.16"]
[Round "3"]
[White "Bachmann, Axel"]
[Black "Baklan, Vladimir"]
[Result "0-1"]
[WhiteTitle "GM"]
[BlackTitle "GM"]
[WhiteElo "2648"]
[BlackElo "2601"]
[Board "3"]
[WhiteCountry "PAR"]
[WhiteFideId "3700488"]
[WhiteEloChange "-6"]
[BlackCountry "UKR"]
[BlackFideId "14102196"]
[BlackEloChange "6"]

1. d4 Nf6 2. Nf3 g6 3. Bf4 Bg7 4. c3 d6 5. h3 O-O 6. e3 Nc6 7. Bh2 Nd7 8.
b4 e5 9. b5 Ne7 10. a4 a6 11. Nbd2 axb5 12. Bxb5 c6 13. Be2 Nd5 14. Qc2 b5
15. c4 Nb4 16. Qb1 c5 17. cxb5 exd4 18. Ra3 Nb6 19. Bd1 Bf5 20. e4 Be6 21.
Bb3 d5 22. O-O Re8 23. a5 Nc4 24. Bxc4 dxc4 25. b6 Qe7 26. a6 c3 27. b7
Rad8 28. Nb3 c2 29. Qc1 Bc4 30. Nxc5 Nxa6 31. Rxa6 Bxa6 32. Nxa6 Qxb7 33.
Nc7 Rxe4 34. Qxc2 d3 35. Qd2 h6 36. Bg3 Re2 37. Qa5 d2 38. Qa4 Re7 39. Qc2
Qe4 40. Qd1 Qd3 41. Nxd2 Qxd2 42. Qb1 Be5 43. Bxe5 Rxe5 44. Na6 Qa5 45. Qa1
Qxa1 46. Rxa1 Ra8 47. Ra4 Re1+ 48. Kh2 Rc1 49. f3 Kg7 50. Nc5 Rxa4 51. Nxa4
Rc4 52. Nb2 Rd4 53. Kg1 Kf6 54. Kf1 Ke5 55. g3 Rd8 56. Ke2 Kd4 57. Nd1 Ra8
58. f4 Ra3 59. Kf2 Rd3 0-1

[Event "Spanish League of Honour"]
[Site "Linares"]
[Date "2017.08.16"]
[Round "3"]
[White "Forcen Esteban, Daniel"]
[Black "Mareco, Sandro"]
[Result "0-1"]
[WhiteTitle "GM"]
[BlackTitle "GM"]
[WhiteElo "2535"]
[BlackElo "2650"]
[Board "4"]
[WhiteCountry "ESP"]
[WhiteFideId "2288230"]
[WhiteEloChange "-3"]
[BlackCountry "ARG"]
[BlackFideId "112275"]
[BlackEloChange "3"]

1. e4 c5 2. Nf3 e6 3. d4 cxd4 4. Nxd4 a6 5. Bd3 Nf6 6. O-O Qc7 7. Qe2 d6 8.
c4 Be7 9. Nc3 b6 10. Be3 O-O 11. Rac1 Nbd7 12. f3 Bb7 13. Rfd1 Rfe8 14. Qf2
Rac8 15. Bf1 Qb8 16. Qg3 Bd8 17. Bg5 Kh8 18. b3 Rc5 19. Be3 Bc7 20. Nde2 d5
21. Bf4 dxe4 22. fxe4 Ne5 23. Qe3 Nh5 24. g3 Nxf4 25. Nxf4 Ng4 26. Qf3 f5
27. Nd3 Ne5 28. Qe2 Nxd3 29. Rxd3 f4 30. g4 b5 31. cxb5 axb5 32. Rcd1 Bb6
33. Kh1 Qe5 34. Qd2 Ba5 35. b4 Bxb4 36. Rd8 Rc8 37. Rxe8+ Rxe8 38. Qd7 Qb8
39. Bxb5 Rf8 40. Rb1 Bxc3 41. Bd3 f3 42. e5 f2+ 43. Rxb7 Qxe5 0-1

[Event "Spanish League of Honour"]
[Site "Linares"]
[Date "2017.08.16"]
[Round "3"]
[White "Santos Ruiz, Miguel"]
[Black "Shevchenko, Kirill"]
[Result "1/2-1/2"]
[WhiteTitle "IM"]
[BlackTitle "IM"]
[WhiteElo "2490"]
[BlackElo "2527"]
[Board "5"]
[WhiteCountry "ESP"]
[WhiteFideId "22291482"]
[WhiteEloChange "1"]
[BlackCountry "UKR"]
[BlackFideId "14129574"]
[BlackEloChange "-1"]

1. e4 c5 2. Nf3 d6 3. Bb5+ Nd7 4. Ba4 Nf6 5. O-O a6 6. c4 e5 7. d3 Be7 8.
Nc3 O-O 9. a3 Nb6 10. Bc2 Bg4 11. h3 Bh5 12. Be3 Nbd7 13. Ba4 Nb6 14. Bc2
Nbd7 15. Ba4 Nb6 16. Bc2 Nbd7 1/2-1/2

[Event "Spanish League of Honour"]
[Site "Linares"]
[Date "2017.08.16"]
[Round "3"]
[White "Antoli Royo, Joaquin Miguel"]
[Black "Castellanos Rodriguez, Renier"]
[Result "1/2-1/2"]
[WhiteTitle "IM"]
[BlackTitle "IM"]
[WhiteElo "2446"]
[BlackElo "2487"]
[Board "6"]
[WhiteCountry "ESP"]
[WhiteFideId "2259532"]
[WhiteEloChange "1"]
[BlackCountry "ESP"]
[BlackFideId "3404650"]
[BlackEloChange "-1"]

1. e4 c5 2. Nf3 e6 3. d4 cxd4 4. Nxd4 a6 5. Bd3 Ne7 6. c4 Nec6 7. Nf3 Bc5
8. O-O d6 9. a3 Ne5 10. b4 Nxf3+ 11. Qxf3 Bd4 12. Ra2 Nc6 13. Nd2 O-O 14.
Qg3 a5 15. b5 Ne5 16. Be2 a4 17. Kh1 b6 18. f4 Nd7 19. Nf3 Bc5 20. Bd3 f6
21. Rd1 Qe7 22. Re2 Bb7 23. Qh3 g6 24. Qg4 Rf7 25. h4 Kh8 26. h5 gxh5 27.
Qxh5 Rg7 28. Bc2 Rag8 29. Rd3 Rg3 30. Nh4 Qg7 31. f5 Qg4 32. Qxg4 R3xg4 33.
Rh3 Nf8 34. Bb2 e5 35. Bc1 Kg7 36. Nf3 Kf7 37. Kh2 Ke7 38. Bb2 Kf7 39. Bc1
Ke7 40. Bd3 Kf7 41. Bc2 1/2-1/2

[Event "Spanish League of Honour"]
[Site "Linares"]
[Date "2017.08.16"]
[Round "3"]
[White "Sgircea, Silvia-Raluca"]
[Black "Rudolf, Anna"]
[Result "0-1"]
[WhiteTitle "WIM"]
[BlackTitle "IM"]
[WhiteElo "2246"]
[BlackElo "2260"]
[Board "7"]
[WhiteCountry "ROU"]
[WhiteFideId "1213776"]
[WhiteEloChange "-10"]
[BlackCountry "HUN"]
[BlackFideId "722855"]
[BlackEloChange "10"]

1. Nf3 d6 2. d4 Nf6 3. g3 Nbd7 4. Bg2 e5 5. O-O Be7 6. Nc3 O-O 7. e4 c6 8.
a4 b6 9. h3 Bb7 10. Be3 a6 11. Nd2 b5 12. axb5 axb5 13. dxe5 dxe5 14. Nb3
Qc7 15. g4 b4 16. Ne2 Rxa1 17. Qxa1 c5 18. Ng3 Ra8 19. Qc1 c4 20. Nd2 c3
21. bxc3 Qxc3 22. Rd1 Nc5 23. g5 Nfd7 24. Nb1 Qc4 25. Bf1 Qe6 26. f3 Nb6
27. Nf5 Bf8 28. Qd2 Nca4 29. Qf2 Nb2 30. Re1 N2c4 31. Bc5 Rc8 32. Bxf8 Kxf8
33. Rd1 g6 34. Nh6 f5 35. gxf6 Qxf6 36. Ng4 Qe7 37. Nd2 h5 38. Nxc4 Nxc4
39. Bxc4 Rxc4 40. Ne3 Rd4 41. Rxd4 exd4 42. Ng2 Qc5 43. Nf4 Qg5+ 44. Ng2
Qc5 45. Nf4 Kf7 46. Nd3 Qd6 47. Qe1 b3 48. cxb3 Ba6 49. Nb4 d3 50. Nxa6
Qxa6 51. Qd2 Qb6+ 52. Kf1 Qxb3 53. Qf4+ Ke6 54. Qg5 Qd1+ 55. Kf2 Qc2+ 56.
Kg3 h4+ 57. Qxh4 d2 58. Qg4+ Ke5 59. f4+ Kd4 60. Qd7+ Kc3 61. Qg7+ Kb3 62.
Qb7+ Ka2 63. Qa6+ Kb2 0-1

[Event "Spanish League of Honour"]
[Site "Linares"]
[Date "2017.08.16"]
[Round "3"]
[White "Ponomariov, Ruslan"]
[Black "Vidit, Santosh Gujrathi"]
[Result "1/2-1/2"]
[WhiteTitle "GM"]
[BlackTitle "GM"]
[WhiteElo "2692"]
[BlackElo "2693"]
[Board "1"]
[WhiteCountry "UKR"]
[WhiteFideId "14103320"]
[BlackCountry "IND"]
[BlackFideId "5029465"]

1. e4 c6 2. d4 d5 3. Nc3 dxe4 4. Nxe4 Bf5 5. Ng3 Bg6 6. Nh3 Nf6 7. Bc4 e6
8. O-O Bd6 9. f4 Qc7 10. Kh1 O-O 11. f5 exf5 12. Nxf5 Nbd7 13. Nxd6 Qxd6
14. Bf4 Qb4 15. Bb3 Rfe8 16. Ng5 a5 17. c3 Qb6 18. Qd2 a4 19. Bc4 h6 20.
Nf3 Ne4 21. Qc2 c5 22. Ne5 Nxe5 23. dxe5 Qc6 24. Qd1 Rad8 25. Qe2 Nd6 26.
Rad1 Nxc4 27. Qxc4 Bd3 28. Rxd3 b5 29. Rxd8 bxc4 30. Rd2 a3 31. bxa3 Ra8
32. h3 Rxa3 33. Rf3 Qe4 34. Bg3 h5 35. h4 Qb1+ 36. Kh2 Qc1 37. Rd8+ Kh7 38.
Rf5 Qxc3 39. Rxh5+ Kg6 40. Rg5+ Kh7 41. e6 Qf6 42. Rh5+ Kg6 43. Rg5+ Kh7
44. Rh5+ 1/2-1/2

[Event "Spanish League of Honour"]
[Site "Linares"]
[Date "2017.08.16"]
[Round "3"]
[White "Adhiban, B."]
[Black "Erdos, Viktor"]
[Result "1-0"]
[WhiteTitle "GM"]
[BlackTitle "GM"]
[WhiteElo "2677"]
[BlackElo "2628"]
[Board "2"]
[WhiteCountry "IND"]
[WhiteFideId "5018471"]
[WhiteEloChange "4"]
[BlackCountry "HUN"]
[BlackFideId "719978"]
[BlackEloChange "-4"]

1. d4 d5 2. c4 e6 3. Nc3 Nf6 4. cxd5 exd5 5. Bg5 c6 6. e3 Nbd7 7. Bd3 Be7
8. Nf3 h6 9. Bh4 Nh5 10. Bxe7 Qxe7 11. O-O Nhf6 12. Qb1 a5 13. a3 O-O 14.
b4 axb4 15. Qxb4 Re8 16. Rfc1 Qxb4 17. axb4 Rxa1 18. Rxa1 Kf8 19. Nd2 Ke7
20. f3 Nf8 21. Nb3 Ne6 22. b5 Kd8 23. Kf2 Re7 24. Ra7 cxb5 25. Nxb5 b6 26.
Ra3 Nc7 27. Nc3 Bb7 28. Nc1 g6 29. N1a2 Re6 30. g4 Kc8 31. Nb4 Kb8 32. h3
Rd6 33. h4 Ng8 34. g5 hxg5 35. hxg5 Ne7 36. Ra1 Ne6 37. Nca2 Nc6 38. f4
Ned8 39. Rh1 Nxb4 40. Nxb4 Nc6 41. Rh8+ Kc7 42. Na2 Kd7 43. Bb5 Ke7 44. Nb4
Ke6 45. e4 dxe4 46. d5+ Rxd5 47. Nxc6 Kd6 48. Rd8+ Kc5 49. Rxd5+ Kxd5 50.
Nd8 Bc8 51. Ke3 Kc5 52. Nxf7 Be6 53. Be8 b5 54. Ne5 b4 55. Bxg6 1-0

[Event "Spanish League of Honour"]
[Site "Linares"]
[Date "2017.08.16"]
[Round "3"]
[White "Movsesian, Sergei"]
[Black "Salgado Lopez, Ivan"]
[Result "1/2-1/2"]
[WhiteTitle "GM"]
[BlackTitle "GM"]
[WhiteElo "2677"]
[BlackElo "2627"]
[Board "3"]
[WhiteCountry "ARM"]
[WhiteFideId "310204"]
[WhiteEloChange "-1"]
[BlackCountry "ESP"]
[BlackFideId "2257327"]
[BlackEloChange "1"]

1. e4 c5 2. Nf3 Nc6 3. Bb5 Nf6 4. Nc3 g6 5. h3 Nd4 6. e5 Nh5 7. Bc4 d6 8.
exd6 Qxd6 9. d3 Bg7 10. Ne4 Qc7 11. c3 Ne6 12. Be3 O-O 13. O-O b6 14. a4
Nef4 15. Ng3 Nxh3+ 16. gxh3 Nxg3 17. fxg3 Qxg3+ 18. Kh1 Qxh3+ 19. Kg1 Qg3+
20. Kh1 Qh3+ 21. Kg1 Qg3+ 22. Kh1 Qh3+ 1/2-1/2

[Event "Spanish League of Honour"]
[Site "Linares"]
[Date "2017.08.16"]
[Round "3"]
[White "Ganguly, Surya Shekhar"]
[Black "Grandelius, Nils"]
[Result "1/2-1/2"]
[WhiteTitle "GM"]
[BlackTitle "GM"]
[WhiteElo "2658"]
[BlackElo "2644"]
[Board "4"]
[WhiteCountry "IND"]
[WhiteFideId "5002150"]
[BlackCountry "SWE"]
[BlackFideId "1710400"]

1. e4 c5 2. Nf3 d6 3. d4 cxd4 4. Nxd4 Nf6 5. Nc3 a6 6. h3 e6 7. g4 h6 8.
Bg2 Be7 9. Be3 Nc6 10. f4 Nd7 11. Nf3 b5 12. O-O Bb7 13. Ne2 O-O 14. Ng3 d5
15. exd5 exd5 16. g5 hxg5 17. Nxg5 Nf6 18. c3 Re8 19. Qd3 Ne4 20. N5xe4
dxe4 21. Qxd8 Raxd8 22. Nxe4 Na5 23. Bb6 Rb8 24. Ba7 Bxe4 25. Bxe4 Bc5+ 26.
Bxc5 Rxe4 27. Rae1 Ra4 28. f5 Rxa2 29. f6 Rc8 30. Rf5 Nb3 31. Ba3 Ra1 32.
Rxa1 Nxa1 33. Rg5 g6 34. Rd5 Nb3 35. Bb4 Rc6 36. Be7 Kh7 37. h4 Na5 38. Rd8
Nc4 39. Rf8 Ne5 40. Kg2 Rb6 41. Kg3 Re6 42. Bd8 g5 43. hxg5 Kg6 44. Rg8+
Kf5 45. Rg7 Rd6 46. Bc7 Rd3+ 47. Kf2 Rd2+ 48. Kf1 Ng6 49. Rxf7 Kxg5 50. Ke1
Rd5 51. Bb6 Ne5 52. Rf8 Nd7 53. Ra8 Kxf6 54. Bd4+ Ke7 55. Rxa6 b4 56. Kd2
bxc3+ 57. bxc3 Kd8 58. Ra7 Kc8 59. Kd3 Rh5 60. Kc4 Rg5 61. Be3 Rh5 62. Kb4
Nb8 63. Rg7 Nc6+ 64. Kb3 Re5 65. Bg5 Rd5 66. Kc4 Rd7 67. Rg8+ Kb7 68. Bf4
Rf7 69. Bg3 Rf5 70. Bh2 Na5+ 71. Kb4 Nc6+ 72. Ka4 Rf2 73. Bg1 Rf4+ 74. Kb5
Rf5+ 75. Bc5 Na7+ 76. Kc4 Rf4+ 77. Kd3 Nc6 78. Rg7+ Ka6 79. Rc7 Ne5+ 80.
Ke3 Rf7 81. Rc8 Kb7 82. Re8 Nd7 83. Bd4 Rh7 84. Ke4 Rh5 85. Kd3 Kc6 86. Kc4
Nb6+ 87. Kb3 Nd7 88. c4 Nc5+ 89. Kb4 Na6+ 90. Kc3 Rh3+ 91. Be3 Kd7 92. Re4
Kd6 93. Re8 Kd7 94. Re5 Kd6 95. Ra5 Nc5 96. Rxc5 Rxe3+ 97. Kb4 Rb3+ 98.
Kxb3 Kxc5 99. Kc3 Kc6 100. Kd4 Kd6 101. c5+ Kc6 102. Kc4 Kc7 103. Kd5 Kd7
104. c6+ Kc7 105. Kc5 Kc8 106. Kb6 Kb8 107. c7+ Kc8 108. Kc6 1/2-1/2

[Event "Spanish League of Honour"]
[Site "Linares"]
[Date "2017.08.16"]
[Round "3"]
[White "Mchedlishvili, Mikheil"]
[Black "Cori, Jorge"]
[Result "1-0"]
[WhiteTitle "GM"]
[BlackTitle "GM"]
[WhiteElo "2590"]
[BlackElo "2641"]
[Board "5"]
[WhiteCountry "GEO"]
[WhiteFideId "13600966"]
[WhiteEloChange "6"]
[BlackCountry "PER"]
[BlackFideId "3802272"]
[BlackEloChange "-6"]

1. d4 Nf6 2. c4 g6 3. g3 Bg7 4. Bg2 d6 5. Nc3 Nc6 6. Nf3 Bg4 7. O-O Bxf3 8.
h3 Nd7 9. Bxf3 e5 10. e3 Ne7 11. d5 f5 12. e4 O-O 13. Bg2 a5 14. h4 Nf6 15.
Bh3 Kh8 16. Kg2 c6 17. Bg5 h6 18. Bxf6 Rxf6 19. h5 f4 20. hxg6 Qb6 21. Qb3
Qa7 22. Bf5 fxg3 23. fxg3 Raf8 24. Qc2 Qe3 25. Rf3 Qg5 26. Qc1 Qxc1 27.
Rxc1 Nxg6 28. Rh1 R8f7 29. Nd1 cxd5 30. cxd5 Rc7 31. Ne3 Ne7 32. Ng4 Rc2+
33. Rf2 Rxf2+ 34. Kxf2 1-0

[Event "Spanish League of Honour"]
[Site "Linares"]
[Date "2017.08.16"]
[Round "3"]
[White "Ubilava, Elizbar"]
[Black "Ibarra Jerez, Jose Carlos"]
[Result "1/2-1/2"]
[WhiteTitle "GM"]
[BlackTitle "GM"]
[WhiteElo "2498"]
[BlackElo "2569"]
[Board "6"]
[WhiteCountry "ESP"]
[WhiteFideId "13600052"]
[WhiteEloChange "1"]
[BlackCountry "ESP"]
[BlackFideId "2226332"]
[BlackEloChange "-1"]

1. d4 Nf6 2. c4 e6 3. Nf3 d5 4. Nc3 Be7 5. g3 O-O 6. Bg2 c6 7. O-O b6 8. b3
Bb7 9. Qc2 Nbd7 10. Rd1 Rc8 11. e4 dxe4 12. Ne5 h6 13. Be3 Qc7 14. Nxd7
Qxd7 15. Nxe4 Rfd8 16. a4 Nxe4 17. Qxe4 Rc7 18. Qc2 Qc8 19. c5 Bf6 20. Rac1
Rcd7 21. cxb6 axb6 22. Bxc6 Rd6 23. Bxb7 Qxb7 24. Qc4 h5 25. h4 g6 26. Rd2
Qf3 27. Rcc2 Kg7 28. b4 Rd5 29. b5 Qg4 30. Qe2 Bxd4 31. Bxd4+ Rxd4 32. Qe5+
Kg8 33. Rxd4 Qxd4 34. Qxd4 Rxd4 35. Rc8+ Kg7 36. Ra8 Kf6 37. Ra7 e5 38. Kf1
Ke6 39. Ra6 Kf5 40. Rxb6 Rxa4 41. Rc6 Rb4 42. b6 Rb2 43. Ke1 e4 44. Rc7
Rxb6 1/2-1/2

[Event "Spanish League of Honour"]
[Site "Linares"]
[Date "2017.08.16"]
[Round "3"]
[White "Gil Quilez, Sonia"]
[Black "Garcia Vicente, Nieves"]
[Result "0-1"]
[WhiteTitle "WFM"]
[BlackTitle "WIM"]
[WhiteElo "2057"]
[BlackElo "2137"]
[Board "7"]
[WhiteCountry "ESP"]
[WhiteFideId "2263980"]
[WhiteEloChange "-8"]
[BlackCountry "ESP"]
[BlackFideId "2201542"]
[BlackEloChange "8"]

1. d4 d5 2. c4 e6 3. Nc3 Nf6 4. Bg5 Nbd7 5. e3 Bb4 6. Qb3 c5 7. cxd5 exd5
8. Bxf6 Nxf6 9. Bb5+ Kf8 10. Nf3 Qa5 11. O-O c4 12. Qa4 a6 13. Qxa5 Bxa5
14. Ba4 Bf5 15. Ne5 g6 16. f3 b5 17. Bd1 Kg7 18. Rf2 Rac8 19. a3 Rhd8 20.
Bc2 Be6 21. Rd1 Ne8 22. f4 f6 23. f5 Bg8 24. Nf3 g5 25. h3 Nd6 26. Nd2 Bb6
27. Kh1 Re8 28. Re2 a5 29. Nf1 Bf7 30. g4 b4 31. axb4 axb4 32. Na4 Ba7 33.
Ng3 Re7 34. Kg2 Be8 35. Ra1 Bb5 36. Kf2 c3 37. bxc3 Bxe2 38. Nxe2 Rce8 39.
cxb4 Rxe3 40. Nac3 R3e7 41. Bd3 Ne4+ 42. Bxe4 dxe4 43. Ke3 Rd8 44. Nxe4 Rb8
45. Ra4 Rbe8 46. Nc3 Rd8 47. b5 Red7 48. Ne2 Bb6 49. Kd3 Kf7 50. Rc4 Ke7
51. Nc5 Ra7 52. Ne6 Ra3+ 53. Ke4 Rb8 54. Nc3 Ba5 55. Nd5+ Kf7 56. b6 Bxb6
57. Nxb6 Rxb6 58. Rc7+ Ke8 59. Rxh7 Rbb3 60. Rh8+ Kd7 61. Rh7+ Kd6 62. Nxg5
fxg5 63. Rh6+ Ke7 64. Ke5 Re3+ 65. Kd5 Rxh3 66. Rg6 Rhd3 67. Rxg5 Ra4 68.
Rg7+ Kf6 69. Rg6+ Kf7 70. Ke5 Rdxd4 71. g5 Re4+ 72. Kd5 Rad4+ 73. Kc5 Rd1
74. Rf6+ Ke7 75. Kc6 Re2 76. Kc5 Rc2+ 77. Kb4 Rb1+ 78. Ka3 Rc5 79. Ka4 Rf1
80. Re6+ Kd7 81. g6 Rf4+ 82. Kb3 Rcxf5 83. g7 Rg5 84. Re5 Rg3+ 85. Kc2 Rf2+
86. Kd1 Rg1+ 0-1

[Event "Spanish League of Honour"]
[Site "Linares"]
[Date "2017.08.17"]
[Round "4"]
[White "Wojtaszek, Radoslaw"]
[Black "Vidit, Santosh Gujrathi"]
[Result "1/2-1/2"]
[WhiteTitle "GM"]
[BlackTitle "GM"]
[WhiteElo "2745"]
[BlackElo "2693"]
[Board "1"]
[WhiteCountry "POL"]
[WhiteFideId "1118358"]
[WhiteEloChange "-1"]
[BlackCountry "IND"]
[BlackFideId "5029465"]
[BlackEloChange "1"]

1. d4 Nf6 2. c4 g6 3. Nc3 d5 4. Bg5 Bg7 5. Bxf6 Bxf6 6. cxd5 c5 7. Nf3 cxd4
8. Nxd4 Qb6 9. Nb3 O-O 10. Qd2 Rd8 11. Rd1 Na6 12. e4 Bd7 13. Bd3 Nb4 14.
Bb1 Bb5 15. Nxb5 Qxb5 16. Qe2 Qxe2+ 17. Kxe2 Bxb2 18. Nc5 b6 19. Nd3 Nxd3
20. Bxd3 Rac8 21. Rb1 Ba3 22. Rhd1 Rc5 23. Bb5 Rc2+ 24. Rd2 Rxd2+ 25. Kxd2
f5 26. Kd3 e6 27. Bc6 fxe4+ 28. Kxe4 exd5+ 29. Bxd5+ Kg7 30. f4 Bc5 31. Rb3
Re8+ 32. Kf3 Re1 33. Rd3 h5 34. Bb3 Kf6 35. g3 Rf1+ 36. Ke4 Re1+ 37. Kf3
Rf1+ 38. Ke4 Re1+ 1/2-1/2

[Event "Spanish League of Honour"]
[Site "Linares"]
[Date "2017.08.17"]
[Round "4"]
[White "Adhiban, B."]
[Black "Duda, Jan-Krzysztof"]
[Result "1/2-1/2"]
[WhiteTitle "GM"]
[BlackTitle "GM"]
[WhiteElo "2677"]
[BlackElo "2707"]
[Board "2"]
[WhiteCountry "IND"]
[WhiteFideId "5018471"]
[BlackCountry "POL"]
[BlackFideId "1170546"]

1. e4 c5 2. c3 Nf6 3. e5 Nd5 4. d4 cxd4 5. cxd4 e6 6. Nc3 Nxc3 7. bxc3 d6
8. f4 Qc7 9. Bd2 b6 10. Nf3 Bb7 11. Bd3 Nc6 12. O-O Be7 13. f5 exf5 14.
Bxf5 dxe5 15. Ng5 Bxg5 16. Bxg5 Ne7 17. Bxe7 Qxe7 18. Qa4+ Kf8 19. Rae1 e4
20. d5 Bxd5 21. Bxe4 Qc5+ 22. Kh1 b5 23. Qa6 h5 24. Qg6 Rc8 25. Rd1 Kg8 26.
Qf5 Bxe4 27. Rd8+ Rxd8 28. Qxc5 f5 29. Qe7 Rd2 30. Qe8+ Kh7 31. Qxh5+ Kg8
32. Qe8+ Kh7 33. Qh5+ Kg8 34. Qe8+ Kh7 1/2-1/2